CLT 2020 comparada e comentada

Bibliographic Details
Main Author: de Mello Rezende Colnago, Lorena
Other Authors: Rodrigues De Carvalho Ferreira, Farley Roberto, Ribeiro Da Rocha, Fb̀io
Format: eBook
Language:Portuguese
Published: San Pablo: LTR, 2020
Subjects:
Online Access:Acceso restringido

MARC

LEADER 00000nam a22000007a 4500
005 20220406211722.0
007 cr|||| ||||
008 220406s2020 br |||||s|||| 00||0 por d
020 |a 978-85-301-0160-2 
035 |a 36021 
040 |a vLex 
090 |c 13115  |d 13115 
100 1 |a de Mello Rezende Colnago, Lorena 
245 1 0 |a CLT 2020 comparada e comentada  |h [Recurso electrn̤ico] /  |c Lorena de Mello Rezende Colnago, Farley Roberto Rodrigues De Carvalho Ferreira, Fb̀io Ribeiro Da Rocha 
256 |a Servicio en ln̕ea 
260 |a San Pablo:  |b LTR,  |c 2020 
300 |a 1 recurso electrn̤ico 
506 1 |a Disponible solo en los productos indicados  |d vLex Global  |d vLex Global (Academic Edition, excluding Law Schools)  |d vLex Global (U.S. Academic Edition, Law Schools)  |d vLex Global (U.S. Academic Edition, excluding Law Schools)  |d vLex Global (Academic Edition, Law Schools) 
650 0 4 |a Derecho Laboral y Seguridad Social  |z Brasil 
700 1 |a Rodrigues De Carvalho Ferreira, Farley Roberto 
700 1 |a Ribeiro Da Rocha, Fb̀io 
740 0 |a vLex Libros (Servicio en ln̕ea) 
856 4 0 |u https://app.vlex.com/#/sources/36021  |z Acceso restringido 
942 |c BOOK 
999 0 |a Labor law and social security